Tablero de comando : una herramienta útil para la toma de decisiones /
Guardado en:
| Autor Principal: | |
|---|---|
| Otros Autores: | |
| Formato: | Libro |
| Publicado: |
Madrid :
El Cid,
2013
|
| Materias: | |
| Etiquetas: |
Agregar Etiqueta
Sin Etiquetas, Sea el primero en etiquetar este registro!
|
| LEADER | 00738nam a22002295a 4500 | ||
|---|---|---|---|
| 001 | CEM.cems014118 | ||
| 008 | 130507s2013##################000#0#####d | ||
| 005 | 20210706091100.0 | ||
| 003 | CEMS | ||
| 245 | 1 | 0 | |a Tablero de comando : |b una herramienta útil para la toma de decisiones / |c Miguel Sosa Flores y Flor Angel Hernández Pérez |
| 260 | |a Madrid : |b El Cid, |c 2013 | ||
| 300 | |a 32 p. | ||
| 590 | |a 1177.013 | ||
| 100 | 1 | |a Sosa Flores, Miguel | |
| 700 | 1 | |a Hernández Pérez, Flor Angel | |
| 653 | |a Tablero de comando | ||
| 653 | |a Administración | ||
| 653 | |a Administración de empresas | ||
| 653 | |a Administración estratégica | ||
| 653 | |a Gestión | ||
| 653 | |a Biblioteca TC | ||
| 859 | |a CEMS |b BIB. CEMS - 11 de abril |h TC |p 1177.013 |t Ej.1 | ||
